Villes Françaises - Statistiques

Statistiques générales
  • Ce quiz a été pris 652 fois
    627 depuis la dernière actualisation
  • Le résultat moyen est 13 sur 15
Statistiques - réponses
Hint Département Réponse % Correct
Capitale 75 Paris
100%
Troisième plus importante ville 69 Lyon
99%
Deuxième plus importante ville 13 Marseille
99%
Neuvième plus importante ville 33 Bordeaux
96%
Dixième plus importante ville 59 Lille
96%
Cinquième plus importante ville 06 Nice
96%
Quatrième plus importante ville 31 Toulouse
96%
Sixième plus importante ville 44 Nantes
95%
Septième plus importante ville 67 Strasbourg
94%
Onzième plus importante ville 35 Rennes
91%
Huitième plus importante ville 34 Montpellier
87%
Quinzième plus importante ville 83 Toulon
76%
Quatorzième plus importante ville 42 Saint-Etienne
75%
Treizième plus importante ville 76 Le Havre
72%
Douzième plus importante ville 51 Reims
69%
Aucun quiz correspondant
Distribution des résultats
% des personnes avec chaque résultat
Percentile par nombre de réponses
Votre historique - résultats
Vous n’avez pas pris ce quiz depuis la dernière actualisation